Rozsypanka literowa – osiedla Gdańska - Statystyki

Ogólne statystyki
  • Ten quiz został rozwiązany 2 razy
  • Średni wynik to 14 z 24
Statystyki odpowiedzi
Odpowiedź % Poprawnych
Brętowo
100%
Chełm
100%
Oliwa
100%
Osowa
100%
Siedlce
100%
Śródmieście
100%
Stogi
100%
Wrzeszcz
100%
Zaspa
100%
Brzeźno
50%
Kokoszki
50%
Letnica
50%
Matarnia
50%
Młyniska
50%
Przeróbka
50%
Przymorze
50%
Strzyża
50%
Żabianka
50%
Aniołki
0%
Jelitkowo
0%
Krakowiec
0%
Olszynka
0%
Orunia
0%
Suchanino
0%
Nie znaleziono quizów pasujących do podanych kryteriów
Rozkład punktacji
Procent ludzi z każdym wynikiem
Percentyl według liczby udzielonych odpowiedzi
Twoja historia wyników
Nie rozwiązałeś tego quizu